[Event "Oceania zt (Women)"]
[Site "Tumon"]
[Date "2019.02.20"]
[Round "5"]
[White "Sisior, Angelil"]
[Black "Ollet, Myra"]
[Result "0-1"]
[WhiteElo "1439"]
[BlackElo "1454"]
[PlyCount "100"]
[EventDate "2019.02.18"]
[EventType "tourn"]
[EventRounds "9"]
[EventCountry "GMA"]
[SourceTitle "CBM 189 Extra"]
[Source "ChessBase"]
[SourceDate "2019.06.03"]
[SourceVersion "1"]
[SourceVersionDate "2019.06.03"]
[SourceQuality "1"]

1. e4 d6 2. d4 c6 3. Nc3 g6 4. Bc4 e6 5. Nf3 Bg7 6. 0-0 b5 7. Bd3 Nd7 8. Qe2 b4 9. Nd1 e5 10. c3 a5 11. Ne3 Ngf6 12. Nc4 Qc7 13. Bd2 Rb8 14. Rab1 0-0 15. a3 b3 16. Nh4 a4 17. f4 exd4 18. cxd4 Re8 19. Ba5 Qa7 20. Bc3 d5 21. Nd6 Re7 22. e5 Nf8 23. Nxc8 Rxc8 24. Qf3 N6d7 25. Kh1 Ne6 26. Qf2 c5 27. dxc5 Ndxc5 28. Rbd1 Nxd3 29. Qxa7 Rxa7 30. Rxd3 Rd7 31. g3 d4 32. Bb4 Rc2 33. Rb1 Rdc7 34. Bd2 Bf8 35. Nf3 R2c4 36. Rd1 Bxa3 37. bxa3 b2 38. Rb1 Rc1+ 39. Rxc1 Rxc1+ 40. Bxc1 bxc1Q+ 41. Kg2 Qb2+ 42. Kf1 Qb1+ 43. Ne1 Qa1 44. Ke2 Qb2+ 45. Rd2 Qb5+ 46. Kd1 Qb1+ 47. Ke2 Qe4+ 48. Kd1 Nc5 49. Re2 Qb1+ 50. Kd2 Nb3# 0-1

[Event "Oceania zt (Women)"]
[Site "Tumon"]
[Date "2019.02.20"]
[Round "4"]
[White "Whipps, Kayah Iblai Flores"]
[Black "Sisior, Angelil"]
[Result "0-1"]
[WhiteElo "1083"]
[BlackElo "1439"]
[PlyCount "34"]
[EventDate "2019.02.18"]
[EventType "tourn"]
[EventRounds "9"]
[EventCountry "GMA"]
[SourceTitle "CBM 189 Extra"]
[Source "ChessBase"]
[SourceDate "2019.06.03"]
[SourceVersion "1"]
[SourceVersionDate "2019.06.03"]
[SourceQuality "1"]

1. e4 g6 2. d4 Bg7 3. c3 d6 4. Bd3 c5 5. f4 cxd4 6. Nf3 Nc6 7. 0-0 Qb6 8. Bc4 dxc3+ 9. Kh1 cxb2 10. Bxb2 Bxb2 11. Rf2 Qxf2 12. Qe2 Qxe2 13. Bxe2 Bxa1 14. Bb5 Nf6 15. Nd4 Bxd4 16. e5 dxe5 17. Na3 exf4 0-1

[Event "Oceania zt (Women)"]
[Site "Tumon"]
[Date "2019.02.18"]
[Round "2"]
[White "Ryjanova, Julia"]
[Black "Sisior, Angelil"]
[Result "1-0"]
[WhiteElo "2289"]
[BlackElo "1439"]
[PlyCount "61"]
[EventDate "2019.02.18"]
[EventType "tourn"]
[EventRounds "9"]
[EventCountry "GMA"]
[SourceTitle "CBM 189 Extra"]
[Source "ChessBase"]
[SourceDate "2019.06.03"]
[SourceVersion "1"]
[SourceVersionDate "2019.06.03"]
[SourceQuality "1"]

1. d4 d5 2. c4 e6 3. Nc3 Nf6 4. cxd5 Nxd5 5. e4 Nb6 6. Be3 Bb4 7. Nf3 0-0 8. Qb3 Nc6 9. Be2 Re8 10. 0-0 Qe7 11. a3 Bxc3 12. Qxc3 a6 13. Rac1 Bd7 14. Rfd1 Rac8 15. Bf1 Nd8 16. Qc5 Bc6 17. Qxe7 Rxe7 18. d5 Ba4 19. Rd2 Nd7 20. d6 Re8 21. dxc7 Nf6 22. Rxd8 Rexd8 23. cxd8Q+ Rxd8 24. Nd2 Ng4 25. Bb6 Re8 26. f3 Nf6 27. b3 Bc6 28. Nc4 Nd7 29. Be3 f5 30. Nd6 Re7 31. Bg5 1-0